[Event "CAN-ch U08"]
[Site "Windsor"]
[Date "2015.07.09"]
[Round "6.122"]
[White "Guipi Bopala, Prince Eric Jr"]
[Black "Shapiro, Idan"]
[Result "0-1"]
[WhiteElo "1142"]
[BlackElo "1013"]
[PlyCount "138"]
[EventDate "2015.07.06"]
[EventType "swiss"]
[EventRounds "7"]
[EventCountry "CAN"]
[SourceTitle "EXT 2022"]
[Source "ChessBase"]
[SourceDate "2021.10.06"]
[SourceVersion "1"]
[SourceVersionDate "2021.10.06"]
[SourceQuality "1"]

1. d4 d5 2. c4 c6 3. Nf3 Nf6 4. Bg5 Bg4 5. e3 e6 6. cxd5 cxd5 7. Be2 Bb4+ 8. Nc3 0-0 9. 0-0 h6 10. Bh4 Nc6 11. h3 Bxf3 12. Bxf3 e5 13. dxe5 Nxe5 14. Nxd5 Nxf3+ 15. Qxf3 Qxd5 16. Qe2 Qe5 17. Bg3 Qa5 18. a3 Be7 19. b4 Qb6 20. Rac1 Rac8 21. Be5 Rfe8 22. Bd4 Qa6 23. Qb2 Rxc1 24. Rxc1 b6 25. Qb3 Rc8 26. Rd1 Qc4 27. Qxc4 Rxc4 28. Kf1 a5 29. Bxb6 axb4 30. axb4 Rxb4 31. Bd4 Ra4 32. Ke2 Ra2+ 33. Kf3 Bb4 34. e4 Rd2 35. Rxd2 Bxd2 36. g4 h5 37. Bxf6 hxg4+ 38. hxg4 gxf6 39. Ke2 Bh6 40. f3 Kg7 41. Kd3 Kg6 42. Kd4 Kg5 43. Kd5 Kf4 44. Kd6 Kxf3 45. Ke7 Bg5 46. Kxf7 Kxe4 47. Ke6 Kf4 48. Kd5 Kxg4 49. Ke4 f5+ 50. Kd3 f4 51. Ke2 f3+ 52. Ke1 Kg3 53. Kf1 f2 54. Ke2 Kg2 55. Kd3 f1Q+ 56. Ke4 Qd1 57. Ke5 Qa4 58. Kf5 Kf3 59. Ke5 Qe4+ 60. Kd6 Qf5 61. Kc6 Ke4 62. Kd6 Qd5+ 63. Kc7 Qe6 64. Kb7 Kd5 65. Ka7 Kc5 66. Kb7 Qc6+ 67. Ka7 Qb5 68. Ka8 Kc6 69. Ka7 Qb7# 0-1